000
00326pab a2200145 454500
008
180718b1997 xxu||||| |||| 00| 0 eng d
100
_a
McGee, David
245
_a
Treaties - a role for Parliament?
260
_c
1997
300
_a
p.2-5
362
_a
Mar
650
_a
Treaties
773
_a
Public Sector
909
_a
34055
999
_c
34055
_d
34055